000 00605nam a2200217 a 4500
001 0001-2059
003 ELIB.Books
008 190718 2010 eng
020 _aKBTS
092 _a305.800
_bSco
100 _aScott, James C.
245 _aThe Art of Not Being Governed
_bAn Anarchit History of Upland Southeast Asia
260 _aNew Heaven
_bYale University Press
_c2009
300 _a442
_c23.5 Cm
650 _aNational Groups
856 _nKBTS Library
_uKBTS Elib
942 _2ddc
_cBK
990 _a1
998 _aEnglishbooks.elf
_ccat
_e2019-07-18
999 _c12059
_d12059